<?xml version="1.0" encoding="UTF-8"?>
<record
    xmlns:xsi="http://www.w3.org/2001/XMLSchema-instance"
    xsi:schemaLocation="http://www.loc.gov/MARC21/slim http://www.loc.gov/standards/marcxml/schema/MARC21slim.xsd"
    xmlns="http://www.loc.gov/MARC21/slim">

  <leader>01852na  a2200397   4500</leader>
  <controlfield tag="001">16357</controlfield>
  <controlfield tag="003">MIRAKIL</controlfield>
  <controlfield tag="005">20181213155212.0</controlfield>
  <controlfield tag="008">170213b        tu            000 0      </controlfield>
  <datafield tag="035" ind1=" " ind2=" ">
    <subfield code="a">16357</subfield>
  </datafield>
  <datafield tag="040" ind1=" " ind2=" ">
    <subfield code="a">Milas</subfield>
    <subfield code="b">tur</subfield>
    <subfield code="c">TR-AnCHP</subfield>
  </datafield>
  <datafield tag="041" ind1=" " ind2=" ">
    <subfield code="a">tur</subfield>
  </datafield>
  <datafield tag="082" ind1=" " ind2=" ">
    <subfield code="a">CHP 324.217207</subfield>
    <subfield code="b">A12c 1939</subfield>
  </datafield>
  <datafield tag="090" ind1=" " ind2=" ">
    <subfield code="a">CHP 324.217207 A12c 1939</subfield>
  </datafield>
  <datafield tag="100" ind1=" " ind2=" ">
    <subfield code="a">Abadan, Yavuz</subfield>
  </datafield>
  <datafield tag="222" ind1=" " ind2=" ">
    <subfield code="a">Cumhuriyet Halk Partisi Konferanslar&#x131;</subfield>
  </datafield>
  <datafield tag="245" ind1=" " ind2=" ">
    <subfield code="a">H&#xFC;rriyet ve intihap ehliyeti ; Fikri haklara ait baz&#x131; umumi m&#xFC;lahazalar ; Haklar&#x131;n iktisap ve istimalini tayin eden prensipler ; Avrupan&#x131;n ve T&#xFC;rkiyenin n&#xFC;fus meseleleri ; Osmanl&#x131; &#x130;mparatorlu&#x11F;unda ve T&#xFC;rkiye Cumhuriyetinde devlet bor&#xE7;lar&#x131;</subfield>
    <subfield code="c">Yavuz Abadan; &#xD6;mer Celal Sara&#xE7;; Refii &#x15E;&#xFC;kr&#xFC; Suvla</subfield>
  </datafield>
  <datafield tag="260" ind1=" " ind2=" ">
    <subfield code="a">Ankara </subfield>
    <subfield code="b">CHP</subfield>
    <subfield code="c">1939</subfield>
    <subfield code="f">Recep Uluso&#x11F;lu Bas&#x131;mevi</subfield>
  </datafield>
  <datafield tag="300" ind1=" " ind2=" ">
    <subfield code="a">85 s.</subfield>
    <subfield code="c">23 sm.</subfield>
  </datafield>
  <datafield tag="440" ind1=" " ind2=" ">
    <subfield code="a">C.H.P.</subfield>
    <subfield code="p">Konferanslar serisi</subfield>
    <subfield code="v">9</subfield>
  </datafield>
  <datafield tag="500" ind1=" " ind2=" ">
    <subfield code="a">Yap&#x131;t, yazarlar&#x131;n konferans konu&#x15F;malar&#x131;n&#x131; i&#xE7;ermektedir</subfield>
  </datafield>
  <datafield tag="505" ind1=" " ind2=" ">
    <subfield code="a">H&#xFC;rriyet ve intihap ehliyeti; Fikri haklara ait baz&#x131; umumi m&#xFC;lahazalar ; Haklar&#x131;n iktisap ve istimalini tayin eden prensipler ; Avrupan&#x131;n ve T&#xFC;rkiyenin n&#xFC;fus meseleleri ; Osmanl&#x131; &#x130;mparatorlu&#x11F;unda ve T&#xFC;rkiye Cumhuriyetinde devlet bor&#xE7;lar&#x131;</subfield>
  </datafield>
  <datafield tag="610" ind1=" " ind2=" ">
    <subfield code="a">Cumhuriyet Halk Partisi (CHP)</subfield>
    <subfield code="x">Konferanslar ve seminerler</subfield>
  </datafield>
  <datafield tag="650" ind1=" " ind2=" ">
    <subfield code="a">Devlet bor&#xE7;lar&#x131;</subfield>
  </datafield>
  <datafield tag="650" ind1=" " ind2=" ">
    <subfield code="a">N&#xFC;fus planlamas&#x131;</subfield>
  </datafield>
  <datafield tag="650" ind1=" " ind2=" ">
    <subfield code="a">Hak ve &#xF6;zg&#xFC;rl&#xFC;kler</subfield>
  </datafield>
  <datafield tag="657" ind1=" " ind2=" ">
    <subfield code="a">CHP konferanslar&#x131;</subfield>
  </datafield>
  <datafield tag="700" ind1=" " ind2=" ">
    <subfield code="a">Suvla, Refii-&#x15E;&#xFC;kr&#xFC;</subfield>
  </datafield>
  <datafield tag="700" ind1=" " ind2=" ">
    <subfield code="a">Sara&#xE7;, &#xD6;mer Celal</subfield>
  </datafield>
  <datafield tag="740" ind1=" " ind2=" ">
    <subfield code="a">Fikri haklara ait baz&#x131; umumi m&#xFC;lahazalar</subfield>
  </datafield>
  <datafield tag="740" ind1=" " ind2=" ">
    <subfield code="a">Osmanl&#x131; &#x130;mparatorlu&#x11F;unda ve T&#xFC;rkiye Cumhuriyetinde devlet bor&#xE7;lar&#x131;</subfield>
  </datafield>
  <datafield tag="740" ind1=" " ind2=" ">
    <subfield code="a">Avrupan&#x131;n ve T&#xFC;rkiyenin n&#xFC;fus meseleleri</subfield>
  </datafield>
  <datafield tag="740" ind1=" " ind2=" ">
    <subfield code="a">Haklar&#x131;n iktisap ve istimalini tayin eden prensipler</subfield>
  </datafield>
  <datafield tag="830" ind1=" " ind2=" ">
    <subfield code="a">CHP Yay&#x131;nlar&#x131;</subfield>
  </datafield>
  <datafield tag="942" ind1=" " ind2=" ">
    <subfield code="2">ddc</subfield>
    <subfield code="c">BKS</subfield>
  </datafield>
  <datafield tag="952" ind1=" " ind2=" ">
    <subfield code="a">0001</subfield>
    <subfield code="b">0001</subfield>
    <subfield code="d">2016-10-04</subfield>
    <subfield code="e">2</subfield>
    <subfield code="l">0</subfield>
    <subfield code="o">CHP 324.217207 A12c 1939</subfield>
    <subfield code="p">004367</subfield>
    <subfield code="r">2016-10-04 00:00:00</subfield>
    <subfield code="v">0.00</subfield>
    <subfield code="w">2016-10-04</subfield>
    <subfield code="y">BKS</subfield>
  </datafield>
  <datafield tag="999" ind1=" " ind2=" ">
    <subfield code="c">8423</subfield>
    <subfield code="d">8423</subfield>
  </datafield>
</record>
